=LDR 00000nam 2200000 4500 =001 INLIS000000000041935 =005 20130612151434 =008 ***********************************ind** =035 ##$$a0010-061300000041935 =041 ##$$a ind =082 ##$$a 345.05 =090 ##$$a 345.05, Did n =100 ##$$a Didik Endro Purwoleksono =245 ##$$a Naskah akademik rancangan undang-undang tentang hukum acara pidana, Didik endro purwolaksono; Editor, Tana mantiri =260 ##$$a 2012 $b Jakarta =300 ##$$a Viii,152 hlm., Ilus., 21 cm =650 ##$$a HUKUM ACARA PIDANA =700 ##$$a Tana Mantiri =850 ##$$a NBPNMAT =990 ##$$a 0001/BPAP-NTB/20142014